| 000 | 00570nam a2200181 a 4500 | ||
|---|---|---|---|
| 001 | 000033778 | ||
| 005 | 20260417182716.0 | ||
| 008 | 110909s1943 cu 000 0 spa d | ||
| 040 |
_aDO-SdBNP _bspa _cBNPHU |
||
| 082 |
_a860.4 _bB823t |
||
| 100 | 1 |
_aBazil, Osvaldo. _934819 |
|
| 245 | 1 | 0 |
_aTarea literaria y patricia / _cOsvaldo Bazil. |
| 260 |
_aLa Habana : _bLa Verónica, _c1943. |
||
| 300 |
_a220 p. ; _c19 cm. |
||
| 650 | 0 |
_aLiteratura hispanoamericana _9318 |
|
| 651 | 0 |
_aRepública Dominicana _xPolítica y gobierno _945 |
|
| 910 | _aValidado. Control de calidad MFF | ||
| 999 |
_c33269 _d33269 |
||